Vấn đề xoá đói giảm nghèo và thực hiện công bằng xã hội ở đồng bằng sông Cửu Long trong tiến trình đổi mới đất nước /
Gorde:
| Egile nagusia: | |
|---|---|
| Formatua: | Artikulua |
| Hizkuntza: | Vietnamese |
| Gaiak: | |
| Etiketak: |
Etiketa erantsi
Etiketarik gabe, Izan zaitez lehena erregistro honi etiketa jartzen!
|
| Thư viện lưu trữ: | Thư viện Trường Đại học Đà Lạt |
|---|
| LEADER | 01155nam a2200373 4500 | ||
|---|---|---|---|
| 001 | DLU040027706 | ||
| 040 | # | # | |a DLU |b vie |
| 041 | # | # | |a vie |
| 044 | # | # | |a vn |
| 100 | # | # | |a Lê Ngọc Triết |
| 245 | # | # | |a Vấn đề xoá đói giảm nghèo và thực hiện công bằng xã hội ở đồng bằng sông Cửu Long trong tiến trình đổi mới đất nước / |c Lê Ngọc Triết |
| 651 | # | # | |a Đồng bằng sông Cửu Long |
| 653 | # | # | |a Đổi mới |
| 653 | # | # | |a Công bằng xã hội |
| 653 | # | # | |a Cơ cấu kinh tế |
| 653 | # | # | |a Chính sách xã hội |
| 653 | # | # | |a Nông nghiệp |
| 653 | # | # | |a Nông thôn |
| 653 | # | # | |a Vốn sản xuất |
| 653 | # | # | |a Việc làm |
| 653 | # | # | |a Xoá đói giảm nghèo |
| 773 | # | # | |a Tạp chí Khoa học Xã hội |g Số 3(49) - 2001, tr. 73 - 78 |
| 920 | # | # | |a Phòng Tạp chí -- Trung tâm Thông tin - Thư viện Trường Đại học Đà Lạt |
| 933 | # | # | |a NL |
| 933 | # | # | |a VN |
| 933 | # | # | |a XH |
| 994 | # | # | |a DLU |
| 900 | # | # | |a True |
| 911 | # | # | |a Lê Nguyên Khang |
| 925 | # | # | |a G |
| 926 | # | # | |a A |
| 927 | # | # | |a BB |
| 980 | # | # | |a Thư viện Trường Đại học Đà Lạt |